000 00953cab a2200253 4500
001 ABS42638
008 090401t1990 xxu||||| |||| 00| 0 eng d
035 _a(Sirsi) u38015
041 _aeng
100 _aMusannif, B.
245 _a£200 extra for a low energy home; Timber has energy edge over masonry
260 _c1990
350 _a0
490 _aBuilding Today
_v199(5852) 19 April 1990, 26-27
520 _aA two-part article analysing the cost and performance of low energy housing . Part 1 looks at masonry construction and Part 2 looks at timber frame construction. The findings are based on practical experience from BRECSU demonstration projects and case studies.
650 _aBUILT ENVIRONMENT-BUILDING COSTS
650 _aENERGY EFFICIENCY
650 _aHOUSE BUILDING
650 _aNEW HOUSING
690 _aBUILDING AND CONSTRUCTION-ENERGY CONSERVATION
700 _aJohnson, P.
942 _n0
948 _c04/03/1997
999 _c24436
_d24436